000 00446nam a2200169 i 4500
001 71651
003 ES-MaACL
005 20230906171204.0
007 t|
008 040813s1912 fr ||||1| fre d
100 1 _aGerard, Eric.
_956404
245 1 0 _aMesures électriques /
_cpar Eric Gerard.
250 _a4éme ed.
260 _aParís :
_bGauthier-Villars,
_c1912.
300 _aVIII, 749 p. :
_bil. ;
_c25 cm.
852 _aES-MaACL
_jF-1247
999 _c71651
_d71651